[Event "RUS-ch Seniors"]
[Site "Odintsovo"]
[Date "2011.04.27"]
[Round "9"]
[White "Kleimenov, Yury Afanasievich"]
[Black "Kuznetsov, Boris"]
[Result "1-0"]
[WhiteElo "2099"]
[BlackElo "2049"]
[PlyCount "87"]
[EventDate "2011.04.19"]
[EventType "swiss"]
[EventRounds "9"]
[EventCountry "RUS"]
[SourceTitle "CBM 142 Extra"]
[Source "ChessBase"]
[SourceDate "2011.06.27"]
[SourceVersion "1"]
[SourceVersionDate "2011.06.27"]
[SourceQuality "1"]

1. Nf3 d5 2. c4 c6 3. b3 Nf6 4. Bb2 g6 5. g3 Bg7 6. Bg2 0-0 7. 0-0 Nbd7 8. Qc1 Nb6 9. d3 e6 10. Nbd2 Bd7 11. e4 dxe4 12. dxe4 Ne8 13. e5 Qc7 14. Ne4 f6 15. Ba3 Rf7 16. exf6 Bxf6 17. Nxf6+ Nxf6 18. Ng5 Rg7 19. Bb2 Rf8 20. Ne4 Nxe4 21. Bxg7 Kxg7 22. Bxe4 Qe5 23. Qe3 Nc8 24. Rad1 Rf7 25. c5 Qc7 26. Rd2 e5 27. Bd3 Re7 28. Re1 Be8 29. h4 Bf7 30. Rde2 h6 31. Qe4 h5 32. Bc4 Be8 33. b4 a6 34. f4 Qd7 35. fxe5 Qh3 36. Qf4 Qf5 37. e6 Kf6 38. Kf2 Na7 39. a4 Nc8 40. Rd1 b5 41. Bb3 Na7 42. a5 Nc8 43. Rd8 Na7 44. Red2 1-0

[Event "RUS-ch Seniors"]
[Site "Lesnoj Gorodok"]
[Date "2009.10.06"]
[Round "4"]
[White "Kuznetsov, Boris"]
[Black "Marinin, Viktor"]
[Result "1-0"]
[WhiteElo "2047"]
[BlackElo "2014"]
[PlyCount "91"]
[EventDate "2009.10.03"]
[EventType "swiss"]
[EventRounds "9"]
[EventCountry "RUS"]
[SourceTitle "CBM 132 Extra"]
[Source "ChessBase"]
[SourceDate "2009.11.03"]
[SourceVersion "1"]
[SourceVersionDate "2009.11.03"]
[SourceQuality "1"]

1. e4 e5 2. Nf3 Nc6 3. Bb5 a6 4. Ba4 Nf6 5. d3 d6 6. h3 b5 7. Bb3 Na5 8. Nc3 Nxb3 9. axb3 Be7 10. Nxb5 Bb7 11. Nc3 0-0 12. 0-0 h6 13. Be3 c5 14. Ne2 Nh5 15. g4 Nf6 16. Ng3 Re8 17. Nh2 d5 18. f3 d4 19. Bd2 Nh7 20. Nf5 Ng5 21. Nxe7+ Qxe7 22. Bxg5 Qxg5 23. Qe2 Re6 24. Qf2 h5 25. f4 exf4 26. Qxf4 Qg6 27. Qf5 hxg4 28. hxg4 Bc8 29. Qd5 Rb8 30. Qd8+ Kh7 31. Rf5 Rd6 32. Qh4+ Kg8 33. Rh5 f6 34. Rxc5 Bb7 35. Qg3 Rbd8 36. Qf4 R8d7 37. Rf1 Qe8 38. Rf2 Qd8 39. Nf1 g5 40. Qf5 Rh7 41. Ng3 Bc6 42. Nh5 Rh6 43. e5 Bd7 44. Qf3 Re6 45. Nxf6+ Kh8 46. Nxd7 1-0

[Event "Kimry-ch"]
[Site "Kimry"]
[Date "2008.01.06"]
[Round "6"]
[White "Kudrin, Vladimir1111"]
[Black "Kuznetsov, Boris"]
[Result "0-1"]
[WhiteElo "1867"]
[BlackElo "2102"]
[PlyCount "76"]
[EventDate "2008.01.02"]
[EventType "swiss"]
[EventRounds "9"]
[EventCountry "RUS"]
[SourceTitle "CBM 122 Extra"]
[Source "ChessBase"]
[SourceDate "2008.03.04"]
[SourceVersion "1"]
[SourceVersionDate "2008.03.04"]
[SourceQuality "1"]

1. e4 d6 2. d4 Nf6 3. Bd3 g6 4. c4 Bg7 5. Nc3 Nc6 6. Nge2 Ng4 7. f3 Nh6 8. Be3 e5 9. d5 Ne7 10. Qd2 Nhg8 11. 0-0-0 f5 12. g3 Nf6 13. Bh6 Bf8 14. Rdf1 b6 15. Kb1 Qd7 16. h4 Ba6 17. Bxf8 Rxf8 18. b3 0-0-0 19. Ka1 Kb8 20. b4 fxe4 21. fxe4 Nh5 22. b5 Bb7 23. Qe3 Ng8 24. Nd1 Bc8 25. Qg1 Nh6 26. Ne3 Ng4 27. Kb2 Qg7 28. Nc3 Qh6 29. Ncd1 Rxf1 30. Bxf1 Rf8 31. Be2 Nxe3 32. Nxe3 Nf6 33. Bd3 Nd7 34. Bc2 Nc5 35. Rh2 Rf3 36. Re2 Qf8 37. Qe1 h5 38. a3 a6 0-1

[Event "Kimry op"]
[Site "Kimry"]
[Date "2003.??.??"]
[Round "7"]
[White "Kudrin, Vladimir1111"]
[Black "Kuznetsov, Boris"]
[Result "0-1"]
[WhiteElo "2009"]
[BlackElo "2203"]
[PlyCount "58"]
[EventDate "2003.??.??"]
[EventType "swiss"]
[EventRounds "9"]
[EventCountry "RUS"]
[SourceTitle "EXT 2006"]
[Source "ChessBase"]
[SourceDate "2005.11.24"]
[SourceVersion "1"]
[SourceVersionDate "2005.11.24"]
[SourceQuality "1"]

1. d4 Nf6 2. c4 g6 3. Nc3 d5 4. Nf3 Bg7 5. e3 0-0 6. h3 b6 7. Be2 Bb7 8. b3 c5 9. 0-0 Na6 10. Bb2 cxd4 11. exd4 e6 12. Rc1 Bh6 13. Rb1 Qd6 14. Nb5 Qc6 15. Ne5 Qe8 16. Ba3 Ne4 17. Rb2 f6 18. Ng4 Bg7 19. Bxf8 Qxf8 20. Re1 h5 21. Ne3 Qe7 22. Bd3 Nb4 23. f3 Nxd3 24. Qxd3 a6 25. cxd5 exd5 26. fxe4 dxe4 27. Qc4+ Kh7 28. Nc7 Rc8 29. Rc2 f5 0-1